01010cam a2200253 a 450000100060000000300080000600500170001400800410003103500290007204000270010104100080012808200220013610000580015824501490021625000150036526000490038030000250042950400480045465000340050265000570053694200120059399900170060595201340062234618BD-RjUL20211209052203.0140518s1970 nyu b 001 0 eng d a65-14886a(BD-RjUL)34712 aDLCcDLCdBD-RjULbeng aeng a307.14bBIC 19701 aBiddle, William W.q(William Wishart),d1900-910529014aThe community development process :bthe rediscovery of local initiative /c[by] William W. Biddle. With the collaboration of Loureide J. Biddle aIndian ed. aNew York :bHolt, Rinehart & Winston,c1970. axiv, 334 p. ;c22 cm aIncludes index and Bibliography: p. 297-324 0aCommunity development9105291 0aEconomic assistance, DomesticzUnited States9105292 2ddccBK c34618d34618 00102ddc40708NFICaRUCLbRUCLcStackd1976-07-05eUSISg0.00l0o307.14 BIC 1970r2014-05-18 00:00:00tC-10w2021-12-09yBK